[Event "2. Solinger Karnevalsopen"]
[Site "Solingen"]
[Date "2011.03.04"]
[Round "1.1"]
[White "Moeller, Jeremy"]
[Black "Meijers, Viesturs"]
[Result "0-1"]
[WhiteElo "1850"]
[BlackElo "2493"]
[PlyCount "56"]
[EventDate "2011.??.??"]

1. e4 c5 2. Nf3 e6 3. d4 cxd4 4. Nxd4 a6 5. Nc3 b5 6. Be3 Bb7 7. Bd3 Qc7 8. Qd2
Nf6 9. O-O-O Bb4 10. Rhe1 Nc6 11. a3 Be7 12. Bf4 Ne5 13. Bxb5 axb5 14. Ndxb5
Qb8 15. Qd4 Nd3+ 16. Rxd3 Qxf4+ 17. Kb1 O-O 18. g3 Qb8 19. g4 Rd8 20. g5 Ne8
21. e5 d6 22. Qh4 dxe5 23. Rh3 h6 24. Rg1 e4 25. Nd1 Rd5 26. c4 Rxg5 27. Rxg5
Bxg5 28. Qg3 Qc8 0-1

[Event "2. Solinger Karnevalsopen"]
[Site "Solingen"]
[Date "2011.03.04"]
[Round "1.2"]
[White "Mladenov, Svetlin"]
[Black "Junker, Stefan"]
[Result "1-0"]
[WhiteElo "2440"]
[BlackElo "1831"]
[PlyCount "45"]
[EventDate "2011.??.??"]

1. e4 c6 2. c4 d5 3. exd5 cxd5 4. cxd5 Qxd5 5. Nc3 Qd8 6. Nf3 Nf6 7. Bc4 e6 8.
O-O Be7 9. d4 O-O 10. Qe2 Re8 11. Rd1 Nd5 12. Ne5 a6 13. Nxf7 Nxc3 14. Qh5 Qd7
15. bxc3 g6 16. Qf3 Rf8 17. Nh6+ Kg7 18. Qe4 Qc6 19. d5 Qd6 20. Ng4 Rf5 21.
Bh6+ Kh8 22. dxe6 Qc6 23. Qd4+ 1-0

[Event "2. Solinger Karnevalsopen"]
[Site "Solingen"]
[Date "2011.03.04"]
[Round "1.3"]
[White "Imcke, Patrick"]
[Black "Helbig, Mark"]
[Result "0-1"]
[WhiteElo "1796"]
[BlackElo "2346"]
[PlyCount "56"]
[EventDate "2011.??.??"]

1. e4 c6 2. d4 d5 3. e5 c5 4. dxc5 e6 5. Be3 Nc6 6. Nf3 Nge7 7. c3 Nf5 8. Bd4
Bd7 9. Bd3 Nfxd4 10. cxd4 b6 11. cxb6 Qxb6 12. Qd2 Nxd4 13. Nxd4 Qxd4 14. O-O
Bc5 15. Nc3 Qxe5 16. Rfe1 Qd6 17. Qg5 O-O 18. Rad1 Rab8 19. Re2 h6 20. Qh5 Qf4
21. Bb1 Rfc8 22. Qh3 Be8 23. Qd3 g6 24. Qh3 Bf8 25. Qd3 Bg7 26. Rde1 Qc4 27.
Qh3 Bxc3 28. bxc3 Qxe2 0-1

[Event "2. Solinger Karnevalsopen"]
[Site "Solingen"]
[Date "2011.03.04"]
[Round "1.4"]
[White "Nagel, Bernhard"]
[Black "Thumm, Felix"]
[Result "1-0"]
[WhiteElo "2264"]
[BlackElo "1770"]
[PlyCount "83"]
[EventDate "2011.??.??"]

1. Nf3 e6 2. c4 c6 3. d4 d5 4. Bg5 Bb4+ 5. Nbd2 Ne7 6. e3 Bd7 7. Bd3 h6 8. Bh4
Qc7 9. O-O Na6 10. a3 Bxd2 11. Qxd2 O-O 12. Bxe7 Rfe8 13. Bh4 f6 14. Bg3 Qd8
15. Bg6 Rf8 16. Bd6 Be8 17. Bxf8 Bxg6 18. Bb4 dxc4 19. Rfc1 Qd5 20. Ne1 Rd8 21.
Qe2 Nc7 22. Qxc4 Qg5 23. Qe2 Qd5 24. Rc5 Qb3 25. Qc4 Qxc4 26. Rxc4 Nd5 27. Rd1
Bh5 28. Nf3 Bg6 29. Be1 Nb6 30. Rcc1 Nd5 31. h3 Ne7 32. b4 Nd5 33. Kh2 Ne7 34.
Ng1 Bh5 35. f3 Nd5 36. Bf2 Bg6 37. Ne2 Nb6 38. e4 Na4 39. Rd2 Nb6 40. d5 Re8
41. Bxb6 axb6 42. dxc6 1-0

[Event "2. Solinger Karnevalsopen"]
[Site "Solingen"]
[Date "2011.03.04"]
[Round "1.5"]
[White "Vovchik, Vladimir"]
[Black "Peters, Alex"]
[Result "0-1"]
[WhiteElo "1769"]
[BlackElo "2211"]
[PlyCount "76"]
[EventDate "2011.??.??"]

1. e4 Nf6 2. e5 Nd5 3. d4 d6 4. c4 Nb6 5. f4 Bf5 6. Nc3 dxe5 7. fxe5 Nc6 8. Be3
e6 9. h4 Be7 10. g3 h5 11. Be2 Qd7 12. c5 Nd5 13. Bf2 O-O-O 14. Bxh5 Ndb4 15.
Kf1 Nxd4 16. a3 Nbc2 17. Rc1 Nb3 18. Rxc2 Qd3+ 19. Be2 Qxc2 20. Qxc2 Bxc2 21.
c6 Bd3 22. Nf3 Nc1 23. Bxd3 Nxd3 24. Bd4 bxc6 25. b4 c5 26. bxc5 Bxc5 27. Bxc5
Nxc5 28. Ke2 Rd7 29. Rb1 c6 30. Rc1 Kb7 31. Nd2 Rxd2+ 32. Kxd2 Nb3+ 33. Kc2
Nxc1 34. Kxc1 Rh5 35. Ne4 Rxe5 36. Nd6+ Kc7 37. Nxf7 Rf5 38. Ng5 Rxg5 0-1

[Event "2. Solinger Karnevalsopen"]
[Site "Solingen"]
[Date "2011.03.04"]
[Round "1.6"]
[White "Harff, Marcel"]
[Black "Sloka, Andreas"]
[Result "1-0"]
[WhiteElo "2203"]
[BlackElo "1755"]
[PlyCount "31"]
[EventDate "2011.??.??"]

1. c4 Nf6 2. g3 e6 3. Bg2 c5 4. Nf3 d5 5. O-O Nc6 6. cxd5 exd5 7. d4 b6 8. Nc3
Be7 9. Bg5 Bb7 10. dxc5 bxc5 11. Bxf6 Bxf6 12. Nxd5 O-O 13. Nd2 Rb8 14. Nxf6+
Qxf6 15. Ne4 Qe7 16. Qd6 1-0

[Event "2. Solinger Karnevalsopen"]
[Site "Solingen"]
[Date "2011.03.04"]
[Round "1.7"]
[White "Mager, Denis"]
[Black "Hantak, Adam"]
[Result "1/2-1/2"]
[WhiteElo "1732"]
[BlackElo "2198"]
[PlyCount "115"]
[EventDate "2011.??.??"]

1. d4 d6 2. c4 Nf6 3. Nc3 g6 4. e4 Bg7 5. f4 O-O 6. Nf3 c5 7. dxc5 Qa5 8. Bd2
Qxc5 9. Qe2 Bg4 10. h3 Bxf3 11. Qxf3 Nc6 12. Na4 Qh5 13. Qxh5 Nxh5 14. Bd3 Ng3
15. Rh2 f5 16. exf5 Nxf5 17. Bxf5 gxf5 18. O-O-O Rab8 19. Nc3 Rfc8 20. b3 Nb4
21. a3 Bxc3 22. Bxc3 Na2+ 23. Kb2 Nxc3 24. Kxc3 b5 25. Rd5 bxc4 26. bxc4 Rb1
27. g3 Rc1+ 28. Rc2 Rxc4+ 29. Kxc4 Rxc2+ 30. Kb5 Rc3 31. a4 Kf7 32. Rxf5+ Ke6
33. Rg5 d5 34. Rg8 Kd7 35. Rg5 Kd6 36. Rg8 Rc5+ 37. Kb4 Rc4+ 38. Kb5 Rc5+ 39.
Kb4 Rc7 40. Rd8+ Kc6 41. g4 e6 42. Re8 Kd7 43. Rh8 Kd6 44. Rd8+ Ke7 45. Rh8 Kd6
46. Rd8+ Kc6 47. Re8 Rb7+ 48. Kc3 Kd7 49. Rh8 Kd6 50. Rd8+ Ke7 51. Rh8 Kf6 52.
Rf8+ Kg7 53. Re8 Kf7 54. Rh8 Kg6 55. Rg8+ Kh6 56. Re8 Rb6 57. a5 Rc6+ 58. Kd4
1/2-1/2

[Event "2. Solinger Karnevalsopen"]
[Site "Solingen"]
[Date "2011.03.04"]
[Round "1.8"]
[White "Goerke, Joachim"]
[Black "Krenz, Tomas"]
[Result "1-0"]
[WhiteElo "2154"]
[BlackElo "1715"]
[PlyCount "83"]
[EventDate "2011.??.??"]

1. d4 Nf6 2. c4 b6 3. Nc3 Bb7 4. e4 d6 5. Bd3 Nbd7 6. f3 e5 7. d5 Be7 8. Nge2
O-O 9. Be3 Nc5 10. Bc2 a5 11. g4 Ba6 12. b3 Rc8 13. a3 Ra8 14. Ng3 Ne8 15. b4
Nd7 16. b5 Bc8 17. Qd2 Nc5 18. O-O-O Nf6 19. g5 Nfd7 20. h4 a4 21. Kb2 Bb7 22.
Nf5 Nb3 23. Bxb3 axb3 24. Kxb3 Nc5+ 25. Bxc5 bxc5 26. Rdg1 Bc8 27. a4 Bxf5 28.
exf5 f6 29. Ne4 Qd7 30. Ng3 Qd8 31. Nh5 fxg5 32. f6 gxf6 33. f4 h6 34. f5 Kh7
35. Qh2 Rg8 36. hxg5 Rxg5 37. Nxf6+ Bxf6 38. Qxh6+ Kg8 39. Rxg5+ Bxg5 40. Qg6+
Kf8 41. Rh8+ Ke7 42. Qe6# 1-0

[Event "2. Solinger Karnevalsopen"]
[Site "Solingen"]
[Date "2011.03.04"]
[Round "1.9"]
[White "Reinacher, Detlev"]
[Black "Kuznetsov, Mark"]
[Result "0-1"]
[WhiteElo "1697"]
[BlackElo "2147"]
[PlyCount "60"]
[EventDate "2011.??.??"]

1. Nf3 d5 2. g3 Nd7 3. Bg2 e5 4. d3 Ngf6 5. c3 Be7 6. Nbd2 O-O 7. Qc2 c6 8. a3
Nh5 9. e4 Qc7 10. O-O f5 11. exf5 Ndf6 12. b4 Bxf5 13. Nh4 Bg4 14. Bb2 Qd7 15.
Rfe1 Bd6 16. c4 Rae8 17. Nhf3 d4 18. c5 Bc7 19. Nc4 Qf5 20. Nh4 Qd7 21. Nf3
Bxf3 22. Bxf3 Ng4 23. Bxg4 Qxg4 24. Re4 Nf4 25. Rae1 Nh3+ 26. Kg2 Nf4+ 27. Kg1
Re6 28. Nxe5 Bxe5 29. Rxe5 Nh3+ 30. Kg2 Qf3+ 0-1

[Event "2. Solinger Karnevalsopen"]
[Site "Solingen"]
[Date "2011.03.04"]
[Round "1.10"]
[White "Schroeder, Jan-Christian"]
[Black "Gordeeva, Vitalia"]
[Result "1/2-1/2"]
[WhiteElo "2144"]
[BlackElo "1691"]
[PlyCount "46"]
[EventDate "2011.??.??"]

1. e4 c5 2. Nf3 e6 3. d4 cxd4 4. Nxd4 a6 5. Bd3 d6 6. Nc3 Qc7 7. O-O Nf6 8. Qe2
Be7 9. f4 Nbd7 10. a4 b6 11. Bd2 Bb7 12. Rae1 O-O 13. e5 dxe5 14. fxe5 Nd5 15.
Nxd5 Bxd5 16. c4 Bb7 17. Qh5 g6 18. Qh3 Bc5 19. Bc3 Nxe5 20. Qg3 f6 21. Kh1 Qd7
22. Rxe5 fxe5 23. Qxe5 Rxf1+ 1/2-1/2

[Event "2. Solinger Karnevalsopen"]
[Site "Solingen"]
[Date "2011.03.04"]
[Round "1.11"]
[White "Bashylin, Seva"]
[Black "Naundorf, Maik"]
[Result "0-1"]
[WhiteElo "1686"]
[BlackElo "2131"]
[PlyCount "92"]
[EventDate "2011.??.??"]

1. e4 c5 2. Nc3 g6 3. g3 Bg7 4. Bg2 Nc6 5. d3 d6 6. f4 Nf6 7. Nf3 O-O 8. O-O
Bg4 9. h3 Bxf3 10. Qxf3 Nd7 11. f5 Nd4 12. Qf2 Rb8 13. g4 b5 14. Bg5 Nf6 15.
Qd2 b4 16. Nd1 Qd7 17. Bh6 Bxh6 18. Qxh6 Nxc2 19. g5 Nh5 20. Bf3 Kh8 21. Rc1
Nd4 22. Bxh5 gxh5 23. Qxh5 Rg8 24. Kh1 Rbf8 25. Ne3 f6 26. g6 Rg7 27. Ng4 Ne2
28. Rg1 Nxc1 29. Rxc1 e6 30. Nh6 exf5 31. exf5 Qc6+ 32. Kh2 Qd5 33. Re1 Qxa2
34. Nf7+ Rgxf7 35. gxf7 Qxf7 36. Qe2 Rg8 37. Qe7 Qxe7 38. Rxe7 Rg5 39. Rxa7
Rxf5 40. Kg2 Rd5 41. Rf7 Rxd3 42. Rxf6 Rd2+ 43. Kf1 Kg7 44. Re6 c4 45. Ke1 Rxb2
46. Rxd6 c3 0-1

[Event "2. Solinger Karnevalsopen"]
[Site "Solingen"]
[Date "2011.03.04"]
[Round "1.12"]
[White "Richter, Gerald"]
[Black "Jaskolka, Klaus"]
[Result "1-0"]
[WhiteElo "2131"]
[BlackElo "1671"]
[PlyCount "115"]
[EventDate "2011.??.??"]

1. d4 d5 2. c4 e6 3. Nf3 Nf6 4. Bg5 Be7 5. Nc3 O-O 6. e3 Re8 7. Bd3 Nbd7 8. O-O
b6 9. cxd5 exd5 10. Rc1 c5 11. dxc5 Nxc5 12. Bb5 Bd7 13. Bxf6 Bxf6 14. Bxd7
Qxd7 15. Nxd5 Qf5 16. Nxf6+ Qxf6 17. Qd4 Qe7 18. Rfd1 Rad8 19. Qc4 Qf6 20. Rxd8
Rxd8 21. Nd4 Qd6 22. g3 h6 23. b4 Ne4 24. Qc7 Qf6 25. Rc2 a6 26. Kg2 b5 27. f3
Ng5 28. Rc6 Ne6 29. Qb6 Re8 30. Qxa6 Qe5 31. Nxe6 fxe6 32. Qa3 Rd8 33. Qc1 Rf8
34. Rc5 Qf6 35. f4 Rb8 36. Qc2 Qe7 37. Kf3 Qb7+ 38. Qe4 Kf7 39. Qxb7+ Rxb7 40.
Ke4 Ra7 41. Rxb5 Rxa2 42. h4 Rg2 43. Kf3 Rg1 44. h5 Rf1+ 45. Ke2 Rh1 46. e4 Rb1
47. Kf3 Rb3+ 48. Kg4 Re3 49. Rb7+ Kg8 50. e5 Rb3 51. Re7 Rxb4 52. Rxe6 Kf7 53.
Kf5 Rb3 54. g4 Rf3 55. Ra6 Rf2 56. Ra7+ Kf8 57. Ke6 Rxf4 58. Ra8# 1-0

[Event "2. Solinger Karnevalsopen"]
[Site "Solingen"]
[Date "2011.03.04"]
[Round "1.13"]
[White "Rist, Kurt"]
[Black "Flesch, Stefan"]
[Result "0-1"]
[WhiteElo "1670"]
[BlackElo "2103"]
[PlyCount "76"]
[EventDate "2011.??.??"]

1. d4 g6 2. e4 Bg7 3. c3 d6 4. Bg5 h6 5. Bh4 Nd7 6. f4 c5 7. Nf3 Qb6 8. Qd2
Ndf6 9. e5 Ne4 10. Qc2 d5 11. dxc5 Qxc5 12. Nd4 g5 13. Bb5+ Bd7 14. Bxd7+ Kxd7
15. Bg3 a6 16. Nd2 Nxg3 17. hxg3 e6 18. N2f3 gxf4 19. gxf4 Ne7 20. g4 Nc6 21.
Rd1 Rae8 22. Rh2 Kc8 23. Re2 Nxd4 24. Nxd4 Qe7 25. Nf3 Kb8 26. f5 Qc7 27. f6
Bf8 28. b4 Rc8 29. Rc1 Rg8 30. Rg2 Qb6 31. Qd1 Qe3+ 32. Kf1 Rxc3 33. Rxc3 Qxc3
34. a3 Qc4+ 35. Kf2 Rxg4 36. Rh2 Qa2+ 37. Kf1 Qxa3 38. Qb1 Qxf3+ 0-1

[Event "2. Solinger Karnevalsopen"]
[Site "Solingen"]
[Date "2011.03.04"]
[Round "1.14"]
[White "Philippe, Denis-Emmanuel"]
[Black "Poghoshyan, Tigran"]
[Result "1-0"]
[WhiteElo "2099"]
[BlackElo "1669"]
[PlyCount "57"]
[EventDate "2011.??.??"]

1. d4 Nf6 2. Nf3 g6 3. Nc3 Bg7 4. e4 O-O 5. e5 Ne8 6. Bd3 d6 7. h3 Nc6 8. Qe2
dxe5 9. dxe5 Nd4 10. Nxd4 Qxd4 11. f4 f6 12. Bc4+ Kh8 13. Be3 Qd8 14. Rd1 Bd7
15. e6 Nd6 16. exd7 Qxd7 17. O-O c6 18. Ne4 Qc7 19. Nc5 Nxc4 20. Qxc4 Qc8 21.
Ne6 b5 22. Qb3 Re8 23. f5 gxf5 24. Rxf5 a5 25. Rh5 f5 26. Nxg7 Kxg7 27. Rxh7+
Kxh7 28. Qf7+ Kh8 29. Rd4 1-0

[Event "2. Solinger Karnevalsopen"]
[Site "Solingen"]
[Date "2011.03.04"]
[Round "1.15"]
[White "Tanz, Manfred"]
[Black "Ommer, Walter"]
[Result "0-1"]
[WhiteElo "1646"]
[BlackElo "2071"]
[PlyCount "90"]
[EventDate "2011.??.??"]

1. d4 d5 2. Nf3 Nf6 3. g3 g6 4. Bg2 Bg7 5. O-O O-O 6. c3 Re8 7. Bf4 Nh5 8. Bg5
h6 9. Bc1 Nc6 10. b4 a6 11. a4 e5 12. e3 e4 13. Ne1 Nf6 14. Ra2 Bg4 15. f3 exf3
16. Nxf3 Qd7 17. Nbd2 Rxe3 18. Nb3 Rxc3 19. Nc5 Qc8 20. Bd2 Rc4 21. Be1 Nxd4
22. Qd3 Bf5 23. Qa3 Nc2 24. Qb3 Rxb4 25. Bxb4 b6 26. Nd3 Bxd3 27. Rxc2 Bxc2 28.
Qxc2 c5 29. Be1 Ne4 30. Nd2 f5 31. Nxe4 fxe4 32. Qb3 Qe6 33. Bf2 Kh7 34. Re1
Re8 35. Be3 Qc6 36. Qc2 Rc8 37. Bf2 b5 38. axb5 axb5 39. Be3 c4 40. Rf1 Qe6 41.
Rf4 b4 42. Rh4 b3 43. Qd1 Ra8 44. Bh3 Qe5 45. Qf1 Ra1 0-1

[Event "2. Solinger Karnevalsopen"]
[Site "Solingen"]
[Date "2011.03.04"]
[Round "1.16"]
[White "Turco, Alfonso"]
[Black "Stahnecker, Thomas"]
[Result "1-0"]
[WhiteElo "2071"]
[BlackElo "1527"]
[PlyCount "79"]
[EventDate "2011.??.??"]

1. b3 Nf6 2. Bb2 e6 3. e3 d5 4. Nf3 Bd6 5. Be2 O-O 6. d3 Nbd7 7. Nbd2 c5 8. c4
b6 9. Qc2 Bb7 10. Rg1 Qc7 11. g4 Ne5 12. Ng5 Ned7 13. h4 e5 14. cxd5 Bxd5 15.
O-O-O Qb7 16. Kb1 Rfc8 17. e4 Bc6 18. Nc4 Bc7 19. Ne3 Re8 20. Qc4 Rf8 21. Nf5
Rae8 22. Nh3 Kh8 23. g5 Ng8 24. h5 Ne7 25. Ng3 f6 26. g6 h6 27. Bg4 a6 28. Be6
b5 29. Qc1 Qb6 30. Bf7 Rd8 31. f3 a5 32. Nf2 c4 33. Ng4 Ng8 34. Bxg8 Rxg8 35.
Nxh6 Rge8 36. Nf7+ Kg8 37. dxc4 Rb8 38. h6 gxh6 39. Qxh6 Nf8 40. Qh8# 1-0

[Event "2. Solinger Karnevalsopen"]
[Site "Solingen"]
[Date "2011.03.04"]
[Round "1.18"]
[White "Kuhn, Juergen"]
[Black "Probst, Andreas"]
[Result "0-1"]
[WhiteElo "2059"]
[BlackElo "2046"]
[PlyCount "70"]
[EventDate "2011.??.??"]

1. Nf3 Nf6 2. b3 g6 3. Bb2 Bg7 4. c4 O-O 5. g3 c5 6. Bg2 Nc6 7. O-O a6 8. d4
cxd4 9. Nxd4 Rb8 10. Nc3 Nxd4 11. Qxd4 d6 12. Rfd1 b5 13. c5 Nd7 14. Qd2 Nxc5
15. b4 Nd7 16. Nd5 Bxb2 17. Qxb2 Nb6 18. h4 Bb7 19. h5 Bxd5 20. Bxd5 Nxd5 21.
Rxd5 e6 22. Rd4 Qf6 23. Qd2 Rbc8 24. Rd1 d5 25. hxg6 fxg6 26. e4 dxe4 27. Re1
Rc2 28. Qxc2 Qxd4 29. Rxe4 Rxf2 30. Qxf2 Qxe4 31. a3 e5 32. Qf6 Qe3+ 33. Kg2
Qd2+ 34. Kf3 Qd5+ 35. Kg4 Qd1+ 0-1

[Event "2. Solinger Karnevalsopen"]
[Site "Solingen"]
[Date "2011.03.04"]
[Round "1.19"]
[White "Dreier, Stefan"]
[Black "Schmidt, Kai-Uwe"]
[Result "1-0"]
[WhiteElo "1898"]
[BlackElo "2055"]
[PlyCount "105"]
[EventDate "2011.??.??"]

1. e4 c5 2. c3 Nf6 3. e5 Nd5 4. d4 cxd4 5. Nf3 e6 6. cxd4 d6 7. Nc3 Nxc3 8.
bxc3 Qc7 9. Bb2 Nd7 10. exd6 Bxd6 11. Bd3 O-O 12. O-O b6 13. c4 Bb7 14. h3 h6
15. Re1 Rae8 16. Rc1 e5 17. d5 f5 18. Bb1 Bc8 19. Qc2 Nc5 20. Qe2 e4 21. Nd4
Bh2+ 22. Kh1 f4 23. Nb5 Qb8 24. Qh5 f3 25. gxf3 Be5 26. Nd4 Bf6 27. fxe4 Qf4
28. Ne2 Bg4 29. Nxf4 Bxh5 30. Bxf6 Bf3+ 31. Ng2 gxf6 32. Re3 Bxe4 33. Bxe4 Nxe4
34. Kg1 f5 35. Nf4 Kf7 36. f3 Rg8+ 37. Kf1 Rg3 38. Ke2 Ng5 39. Rxe8 Kxe8 40. h4
Nh3 41. Ke3 Kd7 42. c5 bxc5 43. Rxc5 Ng1 44. Nd3 Rxf3+ 45. Kd2 Kd6 46. Rc6+
Kxd5 47. Rxh6 Rh3 48. Nf4+ Ke4 49. Nxh3 Nxh3 50. Ra6 Kf3 51. Ra3+ Kg2 52. Rxh3
Kxh3 53. h5 1-0

[Event "2. Solinger Karnevalsopen"]
[Site "Solingen"]
[Date "2011.03.04"]
[Round "1.20"]
[White "Zimmermann, Ulrich"]
[Black "Yilmaz, Ahmet"]
[Result "1-0"]
[WhiteElo "2047"]
[BlackElo "1874"]
[PlyCount "57"]
[EventDate "2011.??.??"]

1. d4 d5 2. c4 dxc4 3. e4 c5 4. d5 Nf6 5. Nc3 b5 6. Bf4 Qa5 7. Bd2 e5 8. dxe6
Bxe6 9. e5 Nfd7 10. Qf3 Nb6 11. a4 b4 12. Nb5 Na6 13. Bxc4 Rd8 14. Bxe6 fxe6
15. Qc6+ Kf7 16. Nh3 Be7 17. Nf4 Rhe8 18. Qxe6+ Kf8 19. Qf5+ Kg8 20. Ne6 Rxd2
21. Kxd2 Nxa4 22. Qd3 Kf7 23. Qc4 Kg6 24. b3 Bg5+ 25. f4 Qb6 26. Qe4+ Kh5 27.
Qxh7+ Bh6 28. Qf5+ Kh4 29. g3# 1-0

[Event "2. Solinger Karnevalsopen"]
[Site "Solingen"]
[Date "2011.03.04"]
[Round "1.21"]
[White "Hollender, Christoph"]
[Black "Wulfken, Christof"]
[Result "1/2-1/2"]
[WhiteElo "1832"]
[BlackElo "2046"]
[PlyCount "97"]
[EventDate "2011.??.??"]

1. d4 Nf6 2. c4 e6 3. Nf3 d5 4. e3 Be7 5. Nc3 O-O 6. Bd3 dxc4 7. Bxc4 c5 8. O-O
Nbd7 9. dxc5 Nxc5 10. Qc2 a6 11. b4 Ncd7 12. b5 Qc7 13. Bd3 Ne5 14. Nxe5 Qxe5
15. g3 Bd7 16. Bb2 Qh5 17. Be2 Qh3 18. f3 Rfc8 19. Qb3 Qh6 20. Bc1 axb5 21. e4
Qh3 22. Nxb5 Rc5 23. Be3 Rh5 24. Rf2 Rxb5 25. Bxb5 Ra3 26. Bf1 Rxb3 27. Bxh3
Rxe3 28. a4 Bc5 29. Kh1 Rc3 30. Rff1 Rc4 31. Rfc1 Rxc1+ 32. Rxc1 b6 33. a5 g6
34. a6 Bc6 35. Bf1 Nd7 36. Rd1 Kf8 37. a7 Ne5 38. Rd8+ Ke7 39. a8=Q Bxa8 40.
Rxa8 Nxf3 41. Ra7+ Kf6 42. Rb7 g5 43. Bb5 Ne5 44. h3 h5 45. Be8 Kg7 46. Kg2 Kf8
47. Bb5 Kg7 48. Be8 Kf8 49. Bb5 1/2-1/2

[Event "2. Solinger Karnevalsopen"]
[Site "Solingen"]
[Date "2011.03.04"]
[Round "1.22"]
[White "Rohovoj, Dimitrij"]
[Black "Reksten, Daniel"]
[Result "1-0"]
[WhiteElo "2041"]
[BlackElo "1761"]
[PlyCount "75"]
[EventDate "2011.??.??"]

1. d4 d5 2. c4 e6 3. Nc3 Be7 4. Nf3 Nf6 5. e3 Nbd7 6. Bd3 b6 7. O-O Bb7 8. Qe2
O-O 9. Rd1 c5 10. b3 Rc8 11. Bb2 dxc4 12. bxc4 a6 13. Rac1 Qc7 14. Nd2 Rfd8 15.
Nde4 Nxe4 16. Nxe4 Nf6 17. Ng3 Rd7 18. Qc2 h6 19. Qb3 cxd4 20. Bxd4 b5 21. cxb5
Qxc1 22. Rxc1 Rxc1+ 23. Nf1 axb5 24. Qxb5 Rdc7 25. a4 Be4 26. Be2 Bd5 27. a5
Rc8 28. a6 Bc4 29. Bxc4 R1xc4 30. Qb7 R4c7 31. Qf3 Nd5 32. e4 Nb4 33. Qg3 Bf8
34. a7 Rd7 35. Be3 Kh7 36. Qb8 Rdd8 37. Qb7 Kg8 38. Bb6 1-0

[Event "2. Solinger Karnevalsopen"]
[Site "Solingen"]
[Date "2011.03.04"]
[Round "1.23"]
[White "Vranidis, Athanassios"]
[Black "Stahnecker, Ludwig"]
[Result "0-1"]
[WhiteElo "1748"]
[BlackElo "2024"]
[PlyCount "64"]
[EventDate "2011.??.??"]

1. d4 d5 2. c4 e6 3. Nc3 c6 4. cxd5 exd5 5. Nf3 Bd6 6. Qc2 Ne7 7. e3 Bf5 8. Bd3
Bxd3 9. Qxd3 O-O 10. O-O Ng6 11. e4 dxe4 12. Nxe4 Bc7 13. Bg5 Qd5 14. Nc3 Qd7
15. Ne4 Na6 16. a3 f6 17. Be3 Ne7 18. Rad1 Rad8 19. Qb3+ Nd5 20. Nc5 Nxc5 21.
dxc5 Kh8 22. Kh1 Bb8 23. Rfe1 Qc7 24. g3 Rde8 25. Bd2 Qf7 26. Rxe8 Rxe8 27. Re1
Rxe1+ 28. Nxe1 Qe7 29. Qc4 h6 30. Qg4 Qxc5 31. Qc8+ Kh7 32. Qxb8 Qxf2 0-1

[Event "2. Solinger Karnevalsopen"]
[Site "Solingen"]
[Date "2011.03.04"]
[Round "1.24"]
[White "Moos, Gerd"]
[Black "Duexmann, Marcel"]
[Result "1/2-1/2"]
[WhiteElo "2011"]
[BlackElo "1658"]
[PlyCount "79"]
[EventDate "2011.??.??"]

1. e4 d6 2. d4 Nf6 3. Nc3 g6 4. Be3 Bg7 5. Qd2 c6 6. f3 Nbd7 7. Bh6 Bxh6 8.
Qxh6 Qa5 9. Bd3 Qh5 10. Qe3 Qa5 11. Nge2 e5 12. g4 h5 13. g5 Nh7 14. h4 Nhf8
15. f4 Ne6 16. f5 Nxd4 17. O-O Nxe2+ 18. Bxe2 Qb6 19. Qxb6 Nxb6 20. fxg6 fxg6
21. Rf6 Rg8 22. Rxd6 Bd7 23. Rf1 O-O-O 24. Rff6 Be8 25. Rxd8+ Kxd8 26. Re6 Nd7
27. Rd6 Rf8 28. Kg2 Ke7 29. Rd1 Rf4 30. Kg3 Nc5 31. Bf3 Bd7 32. b4 Ne6 33. Ne2
Rf8 34. c3 Nf4 35. Nxf4 Rxf4 36. Rf1 Be6 37. a3 Bc4 38. Re1 Kd6 39. Rd1+ Ke7
40. Rd2 1/2-1/2

[Event "2. Solinger Karnevalsopen"]
[Site "Solingen"]
[Date "2011.03.04"]
[Round "1.25"]
[White "Fraenzel, Marius"]
[Black "Metzing, Joachim"]
[Result "0-1"]
[WhiteElo "1644"]
[BlackElo "2005"]
[PlyCount "68"]
[EventDate "2011.??.??"]

1. e4 Nf6 2. e5 Nd5 3. d4 Nb6 4. c4 d6 5. exd6 cxd6 6. Nc3 g6 7. Be3 Bg7 8. Bd3
Nc6 9. Nge2 O-O 10. a3 e5 11. dxe5 Nxe5 12. b3 Nbd7 13. Bc2 Ng4 14. Bd4 Nde5
15. h3 Qh4 16. Ng3 Re8 17. O-O Bd7 18. Nge4 Nh6 19. Nd5 Nf5 20. Bc3 Bc6 21. Re1
Rac8 22. Kh2 Bxd5 23. Qxd5 Ng4+ 24. Kh1 Bxc3 25. Nxc3 Nxf2+ 26. Kh2 Qg3+ 27.
Kg1 Nxh3+ 28. Kh1 Rxe1+ 29. Rxe1 Qxe1+ 30. Kh2 Qg3+ 31. Kh1 Re8 32. Ne4 Nf2+
33. Kg1 Nxe4 34. Bxe4 Qe1+ 0-1

[Event "2. Solinger Karnevalsopen"]
[Site "Solingen"]
[Date "2011.03.04"]
[Round "1.26"]
[White "Jakob, Matthias"]
[Black "Zolfagharian, Kevin"]
[Result "1-0"]
[WhiteElo "2003"]
[BlackElo "1626"]
[PlyCount "53"]
[EventDate "2011.??.??"]

1. e4 c5 2. Nc3 Nc6 3. Nf3 Nf6 4. d4 cxd4 5. Nxd4 d6 6. Bg5 e6 7. Qd2 Be7 8.
Bxf6 gxf6 9. O-O-O a6 10. Be2 h5 11. h4 Nxd4 12. Qxd4 e5 13. Qe3 f5 14. g3 b5
15. Nd5 Be6 16. exf5 Bxd5 17. Rxd5 Qd7 18. Qe4 Rc8 19. Rhd1 f6 20. f4 Qc7 21.
R1d2 Qa5 22. Kb1 Rc5 23. fxe5 dxe5 24. Rd7 Rc7 25. Qa8+ Kf7 26. Qxh8 Rxd7 27.
Bxh5# 1-0

[Event "2. Solinger Karnevalsopen"]
[Site "Solingen"]
[Date "2011.03.04"]
[Round "1.27"]
[White "Shishkov, Mark"]
[Black "Beil, Detlef"]
[Result "0-1"]
[WhiteElo "1603"]
[BlackElo "1996"]
[PlyCount "48"]
[EventDate "2011.??.??"]

1. d4 Nf6 2. c4 e6 3. g3 c5 4. Nf3 cxd4 5. Nxd4 Nc6 6. a3 Qb6 7. Nb3 Bc5 8.
Nxc5 Qxc5 9. b3 Qe5 10. Ra2 Qe4 11. f3 Qxb1 12. Rd2 Qf5 13. Bg2 Qc5 14. Rc2 Nd4
15. Rc3 Nf5 16. e4 Ne7 17. b4 Qc7 18. c5 O-O 19. O-O d5 20. Rd3 Bd7 21. Bb2 Bb5
22. e5 Nd7 23. Re1 Bxd3 24. Qxd3 a5 0-1

[Event "2. Solinger Karnevalsopen"]
[Site "Solingen"]
[Date "2011.03.04"]
[Round "1.28"]
[White "Bondarchuk, Vadim"]
[Black "Runte, Dirk"]
[Result "0-1"]
[WhiteElo "1995"]
[BlackElo "1582"]
[PlyCount "76"]
[EventDate "2011.??.??"]

1. e4 c5 2. Nf3 Nc6 3. d4 cxd4 4. Nxd4 Nf6 5. Nc3 e5 6. Ndb5 d6 7. a4 a6 8. Na3
Bg4 9. f3 Be6 10. Nd5 Nxe4 11. Nc7+ Qxc7 12. fxe4 Rc8 13. c3 Na5 14. Be3 Bb3
15. Qg4 Nc4 16. Nxc4 Bxc4 17. Bxc4 Qxc4 18. Rf1 Qe6 19. Qg3 Qb3 20. Kf2 Qc2+
21. Kg1 Qxe4 22. Bd4 Qg6 23. Qh3 Rc6 24. Be3 h5 25. Qf3 f6 26. Qd5 Qf7 27. Qe4
d5 28. Qf3 Bc5 29. Bxc5 Rxc5 30. Rad1 O-O 31. b4 e4 32. Qf5 Rxc3 33. Rxd5 Rd3
34. Rxd3 exd3 35. Qxd3 Qe6 36. a5 Re8 37. Rd1 Kf7 38. Qh7 Qe3+ 0-1

[Event "2. Solinger Karnevalsopen"]
[Site "Solingen"]
[Date "2011.03.04"]
[Round "1.30"]
[White "Fichtner, Ewald"]
[Black "Brinkmann, Katharina"]
[Result "1-0"]
[WhiteElo "1970"]
[BlackElo "1438"]
[PlyCount "67"]
[EventDate "2011.??.??"]

1. d4 e6 2. Bf4 d5 3. e3 Nf6 4. Nd2 Bd6 5. Bg3 O-O 6. Ngf3 Nc6 7. Ne5 Ne7 8. f4
c5 9. c3 Qb6 10. Rb1 Nf5 11. Bf2 Qa5 12. g4 Ne7 13. a3 b5 14. Bh4 Ne4 15. Nxe4
dxe4 16. dxc5 Bxe5 17. Bxe7 Re8 18. fxe5 Rxe7 19. b4 Qc7 20. Qd6 a6 21. Rd1 Bb7
22. Bg2 Bd5 23. Qxc7 Rxc7 24. O-O g5 25. Rf2 Kg7 26. Bf1 Kf8 27. Rd4 Ke7 28.
Rfd2 Rb7 29. c4 Bc6 30. Rd6 Be8 31. Bg2 Rd7 32. Bxe4 Rad8 33. Bc6 Rxd6 34.
cxd6+ 1-0

[Event "2. Solinger Karnevalsopen"]
[Site "Solingen"]
[Date "2011.03.04"]
[Round "1.31"]
[White "Masalsky, Boris"]
[Black "Kuehn, Matthias"]
[Result "0-1"]
[WhiteElo "1424"]
[BlackElo "1949"]
[PlyCount "84"]
[EventDate "2011.??.??"]

1. e4 g6 2. d4 Bg7 3. Nf3 d6 4. Be3 Nc6 5. Nc3 h6 6. Be2 Bd7 7. O-O e5 8. dxe5
dxe5 9. Qd2 Nge7 10. Rad1 Qc8 11. Bc4 Be6 12. Bxe6 Qxe6 13. Nb5 Qc8 14. a3 a6
15. Nc3 g5 16. Nd5 Ng6 17. Qc1 O-O 18. Bc5 Re8 19. Rd2 Nd8 20. Bb4 a5 21. Bc3
Rf8 22. Qd1 Nc6 23. Qe2 f5 24. exf5 Rxf5 25. Qe4 Kh7 26. Rfd1 Rf7 27. Rd3 Qe6
28. Nd2 Raf8 29. Rf3 Kg8 30. Rxf7 Rxf7 31. Nf1 b6 32. Ng3 Na7 33. a4 Nc8 34.
Qe1 Nd6 35. Ne4 Nf5 36. Rd2 Nfh4 37. Ng3 Nxg2 38. Kxg2 Nh4+ 39. Kh1 Nf3 40. Qd1
Qh3 41. Nf1 Nxd2 42. Qxd2 Qxf1# 0-1